<?xml version="1.0" encoding="UTF-8"?><?xml-stylesheet type="text/xsl" href="static/style.xsl"?><OAI-PMH xmlns="http://www.openarchives.org/OAI/2.0/" xmlns:xsi="http://www.w3.org/2001/XMLSchema-instance" xsi:schemaLocation="http://www.openarchives.org/OAI/2.0/ http://www.openarchives.org/OAI/2.0/OAI-PMH.xsd"><responseDate>2026-06-01T09:02:44Z</responseDate><request verb="GetRecord" identifier="oai:riuma.uma.es:10630/40435" metadataPrefix="marc">https://riuma.uma.es/rest/oai/request</request><GetRecord><record><header><identifier>oai:riuma.uma.es:10630/40435</identifier><datestamp>2026-02-03T11:44:53Z</datestamp><setSpec>com_10630_2254</setSpec><setSpec>col_10630_37956</setSpec></header><metadata><record xmlns="http://www.loc.gov/MARC21/slim" xmlns:dcterms="http://purl.org/dc/terms/" xmlns:doc="http://www.lyncode.com/xoai" xmlns:xsi="http://www.w3.org/2001/XMLSchema-instance" xsi:schemaLocation="http://www.loc.gov/MARC21/slim http://www.loc.gov/standards/marcxml/schema/MARC21slim.xsd">
   <leader>00925njm 22002777a 4500</leader>
   <datafield ind2=" " ind1=" " tag="042">
      <subfield code="a">dc</subfield>
   </datafield>
   <datafield ind2=" " ind1=" " tag="720">
      <subfield code="a">VV.AA.</subfield>
      <subfield code="e">author</subfield>
   </datafield>
   <datafield ind2=" " ind1=" " tag="260">
      <subfield code="c">2011</subfield>
   </datafield>
   <datafield ind2=" " ind1=" " tag="520">
      <subfield code="a">Aunque es posible encontrar una creciente y abrumadora explosión de información sobre la situación de las bibliotecas españolas, no existía hasta ahora una publicación que agrupara en un mismo volumen la gran diversidad existente en este ámbito. Por ello, con la publicación del presente trabajo, la Fundación Alonso Quijano pretende dar a conocer para el año 2011 y para años sucesivos la evolución bibliotecaria de España, de manera que se conozcan las actuaciones llevadas a cabo cada año y, con el paso del tiempo, se pueda tener una perspectiva de esa evolución.</subfield>
   </datafield>
   <datafield ind1="8" ind2=" " tag="024">
      <subfield code="a">Jiménez Fernández, C. (Coord.).; Cremades, R.; &amp; Fernández Ferrer, S. (2011). Anuario de bibliotecas españolas 2011. Málaga: Fundación Alonso Quijano.</subfield>
   </datafield>
   <datafield ind1="8" ind2=" " tag="024">
      <subfield code="a">1888-573X</subfield>
   </datafield>
   <datafield ind1="8" ind2=" " tag="024">
      <subfield code="a">https://hdl.handle.net/10630/40435</subfield>
   </datafield>
   <datafield tag="653" ind2=" " ind1=" ">
      <subfield code="a">Bibliotecas - España - Anuarios</subfield>
   </datafield>
   <datafield ind2="0" ind1="0" tag="245">
      <subfield code="a">Anuario de Bibliotecas Españolas 2011.</subfield>
   </datafield>
</record>
</metadata></record></GetRecord></OAI-PMH>